Catalog

Record Details

Catalog Search



Available copies

  • 1 of 1 copy available at LARL/NWRL Consortium.

Current holds

0 current holds with 1 total copy.

Show Only Available Copies
Location Call Number / Copy Notes Barcode Shelving Location Status Due Date
Red Lake Falls Public Library CHE (Text) 35500003086756 Main Available -

Record details

  • ISBN: 0525945814 (alk. paper)
  • Physical Description: 324 p. ; 21 cm.
  • Publisher: New York : Dutton, 2001.
Subject: Great Britain > History > Edward VII, 1901-1910 > Fiction.
Highgate Cemetery (London, England) > Fiction.
London (England) > Fiction.
Social classes > Fiction.
Friendship > Fiction.
Children > Fiction.
Genre: Historical fiction.
Domestic fiction.
LDR 01168cam a2200337Ia 4500
00135934
003LARL_NWRL_CONSORTIUM
00520010820133338.0
008010425s2001 nyu 000 1 eng
010 . ‡a2001033474
020 . ‡a0525945814 (alk. paper)
035 . ‡a(OCoLC)46884252
040 . ‡aDLC ‡cDLC
08200. ‡a813/.54 ‡221
099 . ‡aChe
1001 . ‡aChevalier, Tracy. ‡0(LARL_NWRL_CONSORTIUM)102357
24510. ‡aFalling angels / ‡cby Tracy Chevalier.
260 . ‡aNew York : ‡bDutton, ‡c2001.
300 . ‡a324 p. ; ‡c21 cm.
651 0. ‡aGreat Britain ‡xHistory ‡yEdward VII, 1901-1910 ‡vFiction.
61020. ‡aHighgate Cemetery (London, England) ‡vFiction.
651 0. ‡aLondon (England) ‡vFiction. ‡0(LARL_NWRL_CONSORTIUM)165879
650 0. ‡aSocial classes ‡vFiction. ‡0(LARL_NWRL_CONSORTIUM)167306
650 0. ‡aFriendship ‡vFiction. ‡0(LARL_NWRL_CONSORTIUM)164944
650 0. ‡aChildren ‡vFiction. ‡0(LARL_NWRL_CONSORTIUM)16357
655 7. ‡aHistorical fiction. ‡2gsafd
655 0. ‡aDomestic fiction.
901 . ‡a35934 ‡bOCLC ‡c35934 ‡tbiblio

Additional Resources